000 00341 a2200157 4500
001 61281
020 _a
040 _cAnchieta - Pituba
100 _aMonteiro, Marco
240 1 0 _aKarate-do uma nova visão
_lpor
245 1 0 _aKarate-do uma nova visão
300 _a83
362 0 _a1993
650 4 _aEsportes de combate
942 _cBK
999 _c61281
_d61281